00649 a2200253 4500260001000000630002500010037001300035650002800048100001500076260001000091245003200101300001100133650001900144260000900163300000900172100000700181037001300188037001300201440004300214250001300257020001800270999001700288952009000305 aParis a657 - Comptabilité b2, Achat a6 - SCIENCES APPLIQUEES aCibert, A. bDunod aComptabilité générale a450 p. aComptabilité c1980 b24cm lFr aDE 60179 aDE 60180 aCollection "Université et Technique" a6e éd. a2-04-011147-6 c42027d42027 00104070aBUACbBUACd2009-02-28l0o657 CIBr2009-02-28 00:00:00w2009-02-28yLIVR